• 首页
  • 本馆介绍
  • 公告通知
  • 最新文献
  • 馆藏检索
  • 电子资源
  • 读者导购
  • 参考咨询
  • 我的图书馆
  • 登录
  • 详细信息显示
  • 放入我的书架
  • 预约/预借图书
  • 作者相关作品
  • 分类相关作品
  • 丛书相关作品
  • 出版社相关作品

书目信息

  • 表格格式
  • 工作单格式
  • 卡片格式
题名:
中国科学技术政策指南
    
 
作者: ;国家科学技术委员会 编
分册:  
出版信息: 北京   科学技术文献出版社  1986
页数: 323页
开本: 26cm
丛书名:
单 册:
中图分类: N012
科图分类:
主题词: 科技政策--中国 , 科技政策 , 自然科学--科学研究--方针政策 , 自然科学--科学研究--方针 , 科学技术方针 , 自然科学--科学研究--法令 , 自然科学--科学研究--政策
电子资源:
ISBN: 7-5023-0511-4
000 00981nam0 2200313 45
001 0186019033
005 20040514105308.9
010    @a7-5023-0511-4@dCNY7.95
100    @a19900726d1986 kemy0chiy0121 ea
101 0  @achi
102    @aCN@b110000
105    @ay z 000yy
106    @ar
200 10 @a中国科学技术政策指南@Azhong guo ke xue ji shu zheng ce zhi nan@e科学技术白皮书第1号@f国家科学技术委员会编
210    @a北京@c科学技术文献出版社@d1986
215    @a323页@d26cm
517 1  @a科学技术白皮书@Ake xue ji shu bai pi shu
606    @a科技政策@y中国
606 0  @a科技政策
606 0  @a自然科学@x科学研究@x方针政策
606 0  @a自然科学@x科学研究@x方针
606 0  @a科学技术方针
606 0  @a自然科学@x科学研究@x法令
606 0  @a自然科学@x科学研究@x政策
690    @aN012
711 02 @a国家科学技术委员会@Aguo jia ke xue ji shu wei yuan hui@4编
801  0 @aCN@b深圳图书馆@c20040514
801  2 @aCN@bNLC@c20040514
905    @f1@b166645@dN012@e42:1
    
    中国科学技术政策指南:科学技术白皮书第1号/国家科学技术委员会编.-北京:科学技术文献出版社,1986
    323页;26cm
    
    
    ISBN 7-5023-0511-4:CNY7.95
    
●
相关链接 在E读中查询图书 在五车中查询图书 在当当中查询图书 在豆瓣中查询图书


正题名:中国科学技术政策指南     索取号:N012/42:1         预约/预借

序号 登录号 条形码 馆藏地/架位号 状态 备注
1 0166645   000564455   第三借阅区/ [索取号:N012/42:1] 在馆    
2 0166646   000564464   第二样本阅览室/ [索取号:N012/42:1] 在馆    
唐山师范学院图书馆 欢迎您!
大连网信软件有限公司© 版权所有